[Event "V Festival A"]
[Site "Torre del Greco ITA"]
[Date "2006.09.04"]
[Round "2"]
[White "Balzano, Luigi"]
[Black "De Carlo, Fabio"]
[Result "0-1"]
[WhiteElo "1781"]
[BlackElo "1864"]
[PlyCount "70"]
[EventDate "2006.09.03"]

1. d4 f5 2. Nf3 Nf6 3. g3 e6 4. c3 d5 5. Bg5 Bd6 6. Bxf6 Qxf6 7. e3 O-O 8. Bg2
Bd7 9. Nbd2 Be8 10. O-O Nd7 11. Qc2 g5 12. c4 c6 13. c5 Bc7 14. b4 e5 15. dxe5
Nxe5 16. Nxe5 Bxe5 17. Rab1 Bg6 18. f4 gxf4 19. exf4 Bd4+ 20. Kh1 Bh5 21. Bf3
Bg4 22. Qd3 Bc3 23. a3 Rfe8 24. Bxg4 fxg4 25. Rfe1 Bxd2 26. Qxd2 Qf5 27. Rbd1
Re4 28. Re3 Rae8 29. Rde1 d4 30. R3e2 Qd5 31. Kg1 d3 32. Re3 Qd4 33. Kf2 Kf7
34. a4 a6 35. a5 Kg6 0-1

[Event "V Festival A"]
[Site "Torre del Greco ITA"]
[Date "2006.09.04"]
[Round "2"]
[White "Grasso, Nino"]
[Black "D'Orta, Antonio"]
[Result "1-0"]
[WhiteElo "1972"]
[BlackElo "1991"]
[PlyCount "75"]
[EventDate "2006.09.03"]

1. e4 Nf6 2. e5 Nd5 3. c4 Nb6 4. d4 d6 5. f4 g6 6. Nf3 Bg7 7. Nc3 c6 8. b3 O-O
9. Be2 Bg4 10. O-O N8d7 11. a4 f6 12. a5 Nc8 13. a6 Rb8 14. h3 Bf5 15. g4 Be6
16. d5 cxd5 17. cxd5 fxe5 18. dxe6 e4 19. exd7 Bxc3 20. Bc4+ Kg7 21. dxc8=Q
Qxc8 22. Be3 exf3 23. Bd4+ Bxd4+ 24. Qxd4+ Kh6 25. g5+ Kh5 26. Qg7 Qxh3 27.
Qxh7+ Kg4 28. Be6+ Rf5 29. Bxf5+ gxf5 30. Qxh3+ Kxh3 31. Kf2 Kg4 32. g6 bxa6
33. g7 e5 34. fxe5 dxe5 35. g8=Q+ Rxg8 36. Rg1+ Kf4 37. Ra4+ e4 38. Rxg8 1-0

[Event "V Festival A"]
[Site "Torre del Greco ITA"]
[Date "2006.09.04"]
[Round "2"]
[White "Gromovs, Sergejs"]
[Black "Dragojlovic, Andjelko"]
[Result "1/2-1/2"]
[WhiteElo "2314"]
[BlackElo "2368"]
[PlyCount "22"]
[EventDate "2006.09.03"]

1. d4 g6 2. e4 Bg7 3. Bc4 c6 4. Nf3 e6 5. c3 d5 6. Bd3 dxe4 7. Bxe4 Nf6 8. Bc2
Nbd7 9. Qe2 O-O 10. O-O c5 11. dxc5 Nxc5 1/2-1/2

[Event "V Festival A"]
[Site "Torre del Greco ITA"]
[Date "2006.09.04"]
[Round "2"]
[White "Lamagna, Mario"]
[Black "Malafronte, Agostino"]
[Result "0-1"]
[WhiteElo "1912"]
[BlackElo "1999"]
[PlyCount "52"]
[EventDate "2006.09.03"]

1. e4 e6 2. d4 d5 3. Nc3 Bb4 4. e5 c5 5. a3 Bxc3+ 6. bxc3 Ne7 7. Nf3 Bd7 8. Be2
Qa5 9. Bd2 c4 10. Ng5 h6 11. Nh3 Ba4 12. Nf4 Nd7 13. Bg4 O-O-O 14. O-O g6 15.
Ra2 Rh7 16. Qf3 Rdh8 17. Qg3 h5 18. Bd1 Nf5 19. Qg5 Nxd4 20. cxd4 Qxd2 21. Nxe6
Qc3 22. Nc5 Nxc5 23. dxc5 Re8 24. e6 fxe6 25. Qxg6 Rhh8 26. Bxh5 Qe5 0-1

[Event "V Festival A"]
[Site "Torre del Greco ITA"]
[Date "2006.09.04"]
[Round "2"]
[White "Manguso, Mauro"]
[Black "Della Corte, Alessandro"]
[Result "1-0"]
[WhiteElo "2054"]
[BlackElo "2205"]
[PlyCount "89"]
[EventDate "2006.09.03"]

1. d4 b6 2. Nf3 Bb7 3. e3 g6 4. c4 Bg7 5. Nc3 d6 6. Be2 Nd7 7. O-O e6 8. h3 Ne7
9. Re1 O-O 10. Bf1 h6 11. e4 f5 12. b3 fxe4 13. Nxe4 Nf5 14. Bb2 Nf6 15. Bd3
Nxe4 16. Bxe4 d5 17. cxd5 exd5 18. Bd3 Qf6 19. Re2 Rae8 20. Rc1 Rxe2 21. Qxe2
c5 22. Rc2 Nxd4 23. Nxd4 cxd4 24. Rc7 Bc8 25. Ba3 Qe5 26. Qxe5 Bxe5 27. Rc6 Re8
28. Bxg6 Rd8 29. Be7 Bd7 30. Bxd8 Bxc6 31. Bd3 Kf7 32. g4 Ke6 33. Kg2 Kd6 34.
Bh4 Ke6 35. Bg3 Bf6 36. f4 a5 37. f5+ Kd7 38. Bf4 Bg7 39. Kg3 b5 40. h4 a4 41.
g5 hxg5 42. hxg5 a3 43. f6 Bxf6 44. gxf6 b4 45. Be5 1-0

[Event "V Festival A"]
[Site "Torre del Greco ITA"]
[Date "2006.09.04"]
[Round "2"]
[White "Piro, Valerio"]
[Black "Sannino, Raffaele"]
[Result "1/2-1/2"]
[WhiteElo "2114"]
[BlackElo "2031"]
[PlyCount "47"]
[EventDate "2006.09.03"]

1. c4 e6 2. Nf3 d5 3. e3 Nf6 4. b3 c5 5. Bb2 Bd6 6. d3 Nc6 7. g4 O-O 8. g5 Nd7
9. Rg1 Nde5 10. Nxe5 Bxe5 11. Bxe5 Nxe5 12. f4 Nc6 13. Bg2 dxc4 14. dxc4 Qa5+
15. Kf2 e5 16. Bxc6 bxc6 17. Qd2 Qc7 18. Nc3 exf4 19. exf4 Bf5 20. Rad1 Rad8
21. Qe3 Rde8 22. Qd2 Rd8 23. Qe3 Rde8 24. Qd2 1/2-1/2

[Event "V Festival A"]
[Site "Torre del Greco ITA"]
[Date "2006.09.04"]
[Round "2"]
[White "Vanacore, Francesco"]
[Black "Pinto, Gaetano"]
[Result "1/2-1/2"]
[WhiteElo "2055"]
[BlackElo "1979"]
[PlyCount "136"]
[EventDate "2006.09.03"]

1. e4 e6 2. d3 Nc6 3. Nf3 e5 4. d4 exd4 5. Nxd4 Nge7 6. Bc4 Nxd4 7. Qxd4 Nc6 8.
Qe3 Bb4+ 9. Bd2 Bxd2+ 10. Nxd2 Qf6 11. c3 d6 12. O-O O-O 13. f4 Be6 14. Rae1
Bxc4 15. Nxc4 Rae8 16. Qd3 Qe6 17. b3 f6 18. Re3 Re7 19. Rfe1 Qf7 20. Qd5 Rfe8
21. Kf2 a6 22. g3 Kf8 23. Nd2 g6 24. Nf3 Qe6 25. Qxe6 Rxe6 26. b4 R6e7 27. a4
b6 28. R1e2 b5 29. a5 Kf7 30. g4 h6 31. h4 g5 32. hxg5 hxg5 33. fxg5 Ne5 34.
Nxe5+ fxe5 35. Rf3+ Kg6 36. Rf5 Rh8 37. Kg3 Reh7 38. Ref2 Rh3+ 39. Kg2 Rh2+ 40.
Kg1 Rh1+ 41. Kg2 R8h2+ 42. Kg3 Rh3+ 43. Kg2 R1h2+ 44. Kg1 Rxf2 45. Kxf2 Rxc3
46. Rf8 Kxg5 47. Ra8 Rb3 48. Rxa6 Rxb4 49. Rc6 Ra4 50. Rxc7 Rxa5 51. Rc6 b4 52.
Rxd6 Rb5 53. Rd2 b3 54. Rb2 Kxg4 55. Ke3 Kg3 56. Rb1 b2 57. Rg1+ Kh2 58. Rb1
Kg2 59. Kd3 Kf3 60. Kc4 Rb8 61. Kd5 Ke2 62. Kxe5 Kd2 63. Kd6 Kc2 64. Re1 b1=Q
65. Rxb1 Rxb1 66. e5 Kd3 67. e6 Kd4 68. e7 Re1 1/2-1/2

[Event "V Festival A"]
[Site "Torre del Greco ITA"]
[Date "2006.09.05"]
[Round "3"]
[White "D'Orta, Antonio"]
[Black "Vanacore, Francesco"]
[Result "0-1"]
[WhiteElo "1991"]
[BlackElo "2055"]
[PlyCount "62"]
[EventDate "2006.09.03"]

1. e4 e6 2. g3 d5 3. Nc3 Nf6 4. Bg2 c5 5. e5 Nfd7 6. f4 Nc6 7. Nh3 Be7 8. O-O
O-O 9. d3 f6 10. exf6 Nxf6 11. Ng5 h6 12. Nf3 a6 13. Ne5 Nxe5 14. fxe5 Nd7 15.
Bf4 Kh7 16. Qg4 g5 17. Nxd5 exd5 18. Bxd5 Nf6 19. exf6 Bxg4 20. Be4+ Kg8 21.
fxe7 Qxe7 22. Bd2 Qd7 23. Bc3 Bh3 24. Rf2 Rxf2 25. Kxf2 Rf8+ 26. Ke3 b5 27. Re1
b4 28. Be5 Re8 29. d4 cxd4+ 30. Bxd4 Bf5 31. Kd3 Qb5+ 0-1

[Event "V Festival A"]
[Site "Torre del Greco ITA"]
[Date "2006.09.05"]
[Round "3"]
[White "De Carlo, Fabio"]
[Black "Gromovs, Sergejs"]
[Result "0-1"]
[WhiteElo "1864"]
[BlackElo "2314"]
[PlyCount "88"]
[EventDate "2006.09.03"]

1. c4 b5 2. e3 bxc4 3. Bxc4 d5 4. Bb3 Nf6 5. Nf3 e6 6. d4 Ba6 7. Nc3 Bb4 8. Bd2
O-O 9. Ne2 Bd6 10. O-O Nbd7 11. Re1 c5 12. Bc3 Ne4 13. dxc5 Ndxc5 14. Bc2 Nxc3
15. Nxc3 Rb8 16. Rb1 Qe7 17. Nd4 Rfc8 18. a3 g6 19. b4 Nd7 20. Nce2 Ne5 21. b5
Bb7 22. a4 Nc4 23. Qd3 Qc7 24. Rec1 Bxh2+ 25. Kh1 Be5 26. Bb3 Qe7 27. Nf3 Bb2
28. Rc2 Ne5 29. Nxe5 Bxe5 30. Nd4 Qh4+ 31. Kg1 Qh2+ 32. Kf1 Qh1+ 33. Ke2 Qxg2
34. Nc6 Bxc6 35. Rxc6 Qg4+ 36. Kf1 Rxc6 37. bxc6 h5 38. Rc1 h4 39. Bd1 Qh3+ 40.
Ke1 Bc7 41. Be2 Qh1+ 42. Bf1 h3 43. Rb1 Rxb1+ 44. Qxb1 h2 0-1

[Event "V Festival A"]
[Site "Torre del Greco ITA"]
[Date "2006.09.05"]
[Round "3"]
[White "Della Corte, Alessandro"]
[Black "Piro, Valerio"]
[Result "1-0"]
[WhiteElo "2205"]
[BlackElo "2114"]
[PlyCount "61"]
[EventDate "2006.09.03"]

1. e4 c6 2. d4 d5 3. e5 Bf5 4. Nf3 e6 5. a3 c5 6. dxc5 Bxc5 7. b4 Bb6 8. Nbd2
Ne7 9. Bb2 O-O 10. Be2 a6 11. O-O Nbc6 12. c4 Bc7 13. Qb3 Ng6 14. Qe3 Qb8 15.
cxd5 exd5 16. Qg5 Be6 17. Rac1 h6 18. Qe3 Ngxe5 19. h3 Nxf3+ 20. Nxf3 Bf4 21.
Qc3 d4 22. Nxd4 Bxc1 23. Rxc1 Nxd4 24. Qxd4 f6 25. Qe4 Ba2 26. Bd3 f5 27. Qd4
Rf7 28. Bxf5 Qf8 29. Rc5 Kh8 30. Qg4 Qe8 31. Qg6 1-0

[Event "V Festival A"]
[Site "Torre del Greco ITA"]
[Date "2006.09.05"]
[Round "3"]
[White "Dragojlovic, Andjelko"]
[Black "Lamagna, Mario"]
[Result "1-0"]
[WhiteElo "2368"]
[BlackElo "1912"]
[PlyCount "53"]
[EventDate "2006.09.03"]

1. e4 e6 2. b3 d5 3. Bb2 dxe4 4. Nc3 Nf6 5. g4 h6 6. Bg2 e5 7. h3 Nc6 8. Nge2
Bc5 9. Ng3 O-O 10. Ncxe4 Nxe4 11. Bxe4 Qf6 12. O-O Qh4 13. Kg2 Nd4 14. Bxd4
exd4 15. Qf3 c6 16. Bf5 g6 17. Bxc8 Raxc8 18. Rae1 Bd6 19. Ne4 Be5 20. Nc5 Bb8
21. Nxb7 f5 22. Nc5 fxg4 23. Qxg4 Qf6 24. Re6 h5 25. Rxf6 hxg4 26. Rxg6+ Kh7
27. Rxg4 1-0

[Event "V Festival A"]
[Site "Torre del Greco ITA"]
[Date "2006.09.05"]
[Round "3"]
[White "Pinto, Gaetano"]
[Black "Grasso, Nino"]
[Result "0-1"]
[WhiteElo "1979"]
[BlackElo "1972"]
[PlyCount "64"]
[EventDate "2006.09.03"]

1. d4 Nf6 2. Nf3 c5 3. c3 cxd4 4. cxd4 g6 5. Nc3 Bg7 6. Bg5 d6 7. e3 O-O 8. Bd3
Nbd7 9. O-O b6 10. Qe2 a6 11. Rfd1 Bb7 12. Rac1 e5 13. dxe5 dxe5 14. Be4 Bxe4
15. Nxe4 Qb8 16. Nxf6+ Nxf6 17. e4 Qb7 18. Bxf6 Bxf6 19. Rd5 Rfd8 20. Rcd1 Rxd5
21. Rxd5 Qc7 22. g3 b5 23. Kg2 Rc8 24. h4 Qc2 25. Qxc2 Rxc2 26. Rd2 Rxd2 27.
Nxd2 Be7 28. a3 a5 29. a4 bxa4 30. Nc4 Bc5 31. Nxe5 Bd4 32. Nd3 Bxb2 0-1

[Event "V Festival A"]
[Site "Torre del Greco ITA"]
[Date "2006.09.05"]
[Round "3"]
[White "Sannino, Raffaele"]
[Black "Balzano, Luigi"]
[Result "1/2-1/2"]
[WhiteElo "2031"]
[BlackElo "1781"]
[PlyCount "96"]
[EventDate "2006.09.03"]

1. e4 c6 2. d4 d5 3. exd5 cxd5 4. c4 Nf6 5. Nc3 Nc6 6. Bg5 dxc4 7. d5 Nb8 8.
Bxc4 Qa5 9. Qd2 a6 10. Nf3 Bf5 11. O-O Nbd7 12. a3 h6 13. Bf4 g5 14. b4 Qd8 15.
Bg3 Bg7 16. Rac1 O-O 17. Bd3 Bxd3 18. Qxd3 Nh5 19. Nd4 Nxg3 20. hxg3 Bxd4 21.
Qxd4 Qb6 22. Qe4 Qd6 23. Rfe1 Rfe8 24. f4 Nf6 25. Qf3 gxf4 26. gxf4 Kg7 27. Re3
Qb6 28. Rce1 e6 29. Qh3 exd5 30. Kh1 Rxe3 31. Rxe3 Rh8 32. Rg3+ Kf8 33. Qc8+
Ne8 34. Nxd5 Qc6 35. Qf5 Qe6 36. Qd3 Nf6 37. Nc7 Qd7 38. Qc2 Qd6 39. Qf5 Qd1+
40. Kh2 Qh5+ 41. Qxh5 Nxh5 42. Rf3 Nf6 43. b5 a5 44. b6 Ke7 45. Rb3 Kd6 46. Kh3
Rg8 47. Rc3 Ne4 48. Rb3 Kc6 1/2-1/2

[Event "V Festival A"]
[Site "Torre del Greco ITA"]
[Date "2006.09.06"]
[Round "4"]
[White "D'Orta, Antonio"]
[Black "De Carlo, Fabio"]
[Result "0-1"]
[WhiteElo "1991"]
[BlackElo "1864"]
[PlyCount "124"]
[EventDate "2006.09.03"]

1. e4 c5 2. g3 d5 3. Bg2 dxe4 4. Nc3 Nf6 5. Nxe4 Nxe4 6. Bxe4 Nc6 7. c3 g6 8.
d4 cxd4 9. Bxc6+ bxc6 10. Qxd4 Qxd4 11. cxd4 Bg7 12. Nf3 Bb7 13. O-O c5 14. Ne5
cxd4 15. Re1 O-O 16. Ng4 Rfe8 17. Bg5 f6 18. Nh6+ Kf8 19. Bd2 Rac8 20. Rac1
Rxc1 21. Rxc1 Rc8 22. Kf1 Rxc1+ 23. Bxc1 Bc8 24. g4 e5 25. f3 Ke7 26. b3 Ke6
27. Kf2 Bf8 28. Bd2 Ba6 29. h4 Bd3 30. g5 f5 31. Ng8 e4 32. Nf6 Bc5 33. fxe4
fxe4 34. Be1 e3+ 35. Kf3 h6 36. Ne4 Bf8 37. gxh6 Bb1 38. h7 Bg7 39. Ng5+ Kf6
40. a3 Bc2 41. b4 Kf5 42. Nf7 Bd1+ 43. Kg2 d3 44. Nd6+ Kg4 45. Nc4 Bf3+ 46. Kh2
Kf4 47. Bg3+ Ke4 48. Be1 Kd4 49. Nd2 exd2 50. Bxd2 Kc4 51. a4 Kb3 52. Kg3 Kc2
53. Bh6 Bxh6 54. h8=Q d2 55. Qxh6 Bh5 56. Qe3 d1=Q 57. b5 Qg4+ 58. Kf2 Qxh4+
59. Kg1 Qxa4 60. Qc5+ Kd3 61. b6 axb6 62. Qc1 Qd1+ 0-1

[Event "V Festival A"]
[Site "Torre del Greco ITA"]
[Date "2006.09.06"]
[Round "4"]
[White "Grasso, Nino"]
[Black "Manguso, Mauro"]
[Result "0-1"]
[WhiteElo "1972"]
[BlackElo "2054"]
[PlyCount "68"]
[EventDate "2006.09.03"]

1. d4 Nf6 2. Nf3 c5 3. e3 g6 4. Nbd2 Bg7 5. c3 b6 6. Bd3 Bb7 7. Qe2 O-O 8. O-O
d6 9. b3 Nc6 10. Re1 e5 11. dxe5 Nxe5 12. Nxe5 dxe5 13. e4 Nh5 14. g3 Qd7 15.
b4 cxb4 16. cxb4 Rac8 17. Nf3 Qg4 18. Ng5 Qxe2 19. Bxe2 Nf6 20. f3 Bh6 21. Nh3
Bg7 22. Be3 Rc2 23. Bd3 Rc3 24. Nf2 Rd8 25. Bf1 Ne8 26. Rac1 Rdc8 27. Bb5 Nd6
28. Bd7 Rxe3 29. Rxc8+ Bxc8 30. Rd1 Bxd7 31. Rxd6 Be6 32. Rd8+ Bf8 33. f4 exf4
34. gxf4 Kg7 0-1

[Event "V Festival A"]
[Site "Torre del Greco ITA"]
[Date "2006.09.06"]
[Round "4"]
[White "Gromovs, Sergejs"]
[Black "Della Corte, Alessandro"]
[Result "1/2-1/2"]
[WhiteElo "2314"]
[BlackElo "2205"]
[PlyCount "57"]
[EventDate "2006.09.03"]

1. d4 d5 2. Nf3 Nf6 3. c4 c6 4. Nc3 a6 5. c5 Bf5 6. Bf4 Nbd7 7. e3 e6 8. Bd3
Bxd3 9. Qxd3 b6 10. cxb6 Qxb6 11. O-O Be7 12. Rab1 c5 13. dxc5 Nxc5 14. Qd4 O-O
15. Ne5 Ncd7 16. Qxb6 Nxb6 17. Nc6 Rfe8 18. Nxe7+ Rxe7 19. Bg5 Rc7 20. Bxf6
gxf6 21. Rfd1 Rc4 22. Kf1 Rac8 23. Ke2 Na4 24. Nxa4 Rxa4 25. a3 Rac4 26. Rd2
Kf8 27. b4 Ke7 28. a4 Kd6 29. f3 1/2-1/2

[Event "V Festival A"]
[Site "Torre del Greco ITA"]
[Date "2006.09.06"]
[Round "4"]
[White "Lamagna, Mario"]
[Black "Pinto, Gaetano"]
[Result "1/2-1/2"]
[WhiteElo "1912"]
[BlackElo "1979"]
[PlyCount "137"]
[EventDate "2006.09.03"]

1. e4 e6 2. d4 d5 3. Nc3 dxe4 4. Nxe4 Nd7 5. Nf3 Ngf6 6. Nxf6+ Nxf6 7. Bd3 c5
8. O-O cxd4 9. Nxd4 Bc5 10. Nb3 Bd6 11. Bg5 Qc7 12. h3 Bd7 13. Qe2 O-O-O 14.
Nd4 Kb8 15. Rad1 h6 16. Bc1 Rhe8 17. Bb5 a6 18. Bxd7 Rxd7 19. c4 Red8 20. Nf3
Ka8 21. b3 Qa5 22. Be3 Ne4 23. Bd4 f5 24. Qe3 Bc7 25. Qe2 g5 26. Qb2 Bb8 27. b4
Qc7 28. Be5 Qxc4 29. Rxd7 Rxd7 30. Bxb8 Kxb8 31. Ne5 Qd4 32. Nxd7+ Qxd7 33.
Qe5+ Ka7 34. f3 Nd2 35. Qe3+ Ka8 36. Rd1 Nc4 37. Rxd7 Nxe3 38. Re7 Nd5 39. Rxe6
Nxb4 40. a3 Nc2 41. a4 Nd4 42. Rd6 Nb3 43. Kf2 Nc5 44. Rd4 f4 45. g3 fxg3+ 46.
Kxg3 Kb8 47. Kg4 Kc7 48. Kf5 Nd7 49. Ke6 Nc5+ 50. Ke7 b5 51. axb5 axb5 52. Rd5
Kb6 53. Rd6+ Ka5 54. Rxh6 b4 55. Kd6 Nd3 56. Rh5 b3 57. Rxg5+ Kb4 58. Rg1 Kc3
59. Rb1 Nb2 60. h4 Kc2 61. h5 Kxb1 62. h6 Ka2 63. h7 Nc4+ 64. Ke6 b2 65. h8=Q
b1=Q 66. Qa8+ Na3 67. Qd5+ Ka1 68. Qd4+ Ka2 69. Qd5+ 1/2-1/2

[Event "V Festival A"]
[Site "Torre del Greco ITA"]
[Date "2006.09.06"]
[Round "4"]
[White "Malafronte, Agostino"]
[Black "Dragojlovic, Andjelko"]
[Result "0-1"]
[WhiteElo "1999"]
[BlackElo "2368"]
[PlyCount "28"]
[EventDate "2006.09.03"]

1. d4 g6 2. Nf3 Bg7 3. c4 c5 4. d5 d6 5. Nc3 Bxc3+ 6. bxc3 f5 7. g3 Qa5 8. Qc2
Nf6 9. Bh3 Nbd7 10. Bg2 Nb6 11. Nd2 Qa4 12. Qb3 Ng4 13. Nf3 h6 14. h3 Nf6 0-1

[Event "V Festival A"]
[Site "Torre del Greco ITA"]
[Date "2006.09.06"]
[Round "4"]
[White "Piro, Valerio"]
[Black "Balzano, Luigi"]
[Result "1-0"]
[WhiteElo "2114"]
[BlackElo "1781"]
[PlyCount "71"]
[EventDate "2006.09.03"]

1. c4 e5 2. Nc3 Nf6 3. g3 c6 4. Bg2 d6 5. Nf3 h6 6. d3 Be7 7. O-O O-O 8. b4 Bd7
9. a4 Qc8 10. b5 Bh3 11. Ba3 Bxg2 12. Kxg2 c5 13. e4 Re8 14. Bc1 Nbd7 15. Nh4
Nf8 16. Nf5 Ng6 17. Bd2 Bf8 18. f4 Qd8 19. Kh1 Ne7 20. Ne3 exf4 21. gxf4 Kh7
22. Rg1 Ng6 23. Ncd5 Nxd5 24. Nxd5 Ne7 25. Ne3 Ng8 26. Bc3 f6 27. Qg4 g5 28.
Qf5+ Kh8 29. fxg5 Bg7 30. gxf6 Nxf6 31. Rxg7 Kxg7 32. Nd5 Re5 33. Rg1+ Kf7 34.
Qg6+ Ke6 35. Rf1 Qh8 36. Rxf6+ 1-0

[Event "V Festival A"]
[Site "Torre del Greco ITA"]
[Date "2006.09.06"]
[Round "4"]
[White "Vanacore, Francesco"]
[Black "Sannino, Raffaele"]
[Result "0-1"]
[WhiteElo "2055"]
[BlackElo "2031"]
[PlyCount "96"]
[EventDate "2006.09.03"]

1. e4 e5 2. Nf3 Nc6 3. d4 exd4 4. Nxd4 Bb4+ 5. c3 Bc5 6. Be3 Bb6 7. Nf5 Bxe3 8.
Nxe3 d6 9. Na3 Nf6 10. f3 O-O 11. Bc4 Ne5 12. Bb3 Nfd7 13. Nac4 Ng6 14. O-O Nc5
15. Bc2 Qg5 16. Nd5 Qd8 17. Qd2 Ne5 18. Nce3 c6 19. Nb4 Qe7 20. Nd3 Ncxd3 21.
Bxd3 Be6 22. Bc2 Nc4 23. Nxc4 Bxc4 24. Rfe1 Rad8 25. Qd4 b5 26. b3 Be6 27. f4
f6 28. Rad1 Qc7 29. Kh1 Bf7 30. Qd3 Bg6 31. Qh3 Rfe8 32. g4 d5 33. f5 Bf7 34.
Rg1 dxe4 35. Rxd8 Qxd8 36. Qe3 Qa5 37. g5 Qd8 38. g6 hxg6 39. fxg6 Bd5 40. c4
bxc4 41. bxc4 Bxc4 42. Qh3 Bd5 43. Re1 f5 44. Qh7+ Kf8 45. Qh8+ Ke7 46. Qxg7+
Kd6 47. Qd4 e3+ 48. Kg1 Qg5+ 0-1

[Event "V Festival A"]
[Site "Torre del Greco ITA"]
[Date "2006.09.07"]
[Round "5"]
[White "Balzano, Luigi"]
[Black "D'Orta, Antonio"]
[Result "1-0"]
[WhiteElo "1781"]
[BlackElo "1991"]
[PlyCount "129"]
[EventDate "2006.09.03"]

1. d4 Nc6 2. c4 e5 3. d5 Bb4+ 4. Bd2 Bxd2+ 5. Qxd2 Nd4 6. e3 Nf5 7. Nc3 d6 8.
Nf3 Nf6 9. Bd3 Qe7 10. Qc2 g6 11. Nd2 c6 12. Nde4 Nxe4 13. Bxe4 c5 14. g3 Bd7
15. a4 b6 16. a5 O-O 17. a6 Ng7 18. O-O Ne8 19. f4 f5 20. Bg2 e4 21. Rfb1 Nc7
22. b4 cxb4 23. Rxb4 Qf6 24. Ra2 Rfc8 25. Qd2 Ne8 26. Ne2 Rc5 27. Nd4 Rac8 28.
Bf1 Nc7 29. Nb3 b5 30. Nxc5 dxc5 31. Rxb5 Bxb5 32. cxb5 Na8 33. Bc4 Nb6 34. Qc1
Rd8 35. Rd2 Rd6 36. Ba2 Na4 37. Rc2 Qd8 38. Rc4 Qa5 39. Bb3 Nb6 40. Rxc5 Qb4
41. Ba2 Qa4 42. Qd2 Qa3 43. Rc7 Qa4 44. Qb2 Qd1+ 45. Kg2 Qf3+ 46. Kg1 Qxe3+ 47.
Qf2 Qd3 48. Rc2 e3 49. Qe2 Qd4 50. Rc1 Rd8 51. Rd1 Qc5 52. Rd3 Re8 53. Kg2 Qxb5
54. Kf3 Qxa6 55. Rxe3 Rxe3+ 56. Kxe3 Qa3+ 57. Kf2 Qc5+ 58. Kg2 Kg7 59. Kh3 Nd7
60. Qe6 Nf8 61. Qe5+ Kh6 62. d6 Qf2 63. Bd5 Qf1+ 64. Bg2 Qb5 65. Qxb5 1-0

[Event "V Festival A"]
[Site "Torre del Greco ITA"]
[Date "2006.09.07"]
[Round "5"]
[White "De Carlo, Fabio"]
[Black "Piro, Valerio"]
[Result "1-0"]
[WhiteElo "1864"]
[BlackElo "2114"]
[PlyCount "47"]
[EventDate "2006.09.03"]

1. c4 c6 2. Nf3 d5 3. e3 Nf6 4. Nc3 e6 5. b3 Bd6 6. d4 Ne4 7. Nxe4 dxe4 8. Nd2
f5 9. Bb2 O-O 10. Be2 Nd7 11. Qc2 e5 12. c5 Bc7 13. Nc4 exd4 14. Bxd4 Qe7 15.
Nd6 Bxd6 16. cxd6 Qxd6 17. O-O Qg6 18. Rad1 Nb6 19. Bc5 Re8 20. Rd6 Qg5 21. f4
exf3 22. Rxf3 f4 23. exf4 Rxe2 24. fxg5 1-0

[Event "V Festival A"]
[Site "Torre del Greco ITA"]
[Date "2006.09.07"]
[Round "5"]
[White "Della Corte, Alessandro"]
[Black "Malafronte, Agostino"]
[Result "1/2-1/2"]
[WhiteElo "2205"]
[BlackElo "1999"]
[PlyCount "56"]
[EventDate "2006.09.03"]

1. d4 d5 2. Nf3 Nf6 3. c4 e6 4. g3 b6 5. Bg2 Bb7 6. Ne5 Be7 7. Qa4+ Nfd7 8.
cxd5 exd5 9. Nc3 c6 10. Nd3 O-O 11. O-O Nf6 12. Qb3 Nbd7 13. Be3 Re8 14. Rac1
a5 15. Rfd1 Bd6 16. Bf4 Bxf4 17. Nxf4 Rb8 18. Qc2 Qe7 19. Re1 Ne4 20. Nd1 Rbc8
21. f3 Nef6 22. e4 c5 23. Qd2 cxd4 24. Rxc8 Rxc8 25. exd5 Qc5 26. Bh3 Bxd5 27.
Nxd5 Qxd5 28. Bg2 Qc5 1/2-1/2

[Event "V Festival A"]
[Site "Torre del Greco ITA"]
[Date "2006.09.07"]
[Round "5"]
[White "Gromovs, Sergejs"]
[Black "Grasso, Nino"]
[Result "1-0"]
[WhiteElo "2314"]
[BlackElo "1972"]
[PlyCount "87"]
[EventDate "2006.09.03"]

1. d4 Nf6 2. Nf3 d5 3. c4 e6 4. Nc3 c6 5. Bg5 Nbd7 6. e3 Qa5 7. Nd2 Bb4 8. Qc2
O-O 9. Be2 e5 10. Bxf6 Nxf6 11. dxe5 Ne4 12. Ndxe4 dxe4 13. O-O Qxe5 14. Nxe4
Bf5 15. Bd3 Rad8 16. f3 Bxe4 17. fxe4 Bd6 18. g3 Qg5 19. Rf3 Bc5 20. Qe2 Rfe8
21. Kg2 f5 22. h4 Qh6 23. exf5 Rxe3 24. Rxe3 Qxe3 25. Qxe3 Bxe3 26. Rd1 c5 27.
Kf3 Bd4 28. Be4 b6 29. b4 Kf7 30. g4 h6 31. g5 hxg5 32. hxg5 Rh8 33. bxc5 bxc5
34. Rb1 Re8 35. Rb7+ Re7 36. Rb3 Re8 37. Ra3 Re7 38. Ra6 Kf8 39. Rc6 Rf7 40.
Kg4 Re7 41. Bd5 Ke8 42. f6 gxf6 43. gxf6 Rh7 44. f7+ 1-0

[Event "V Festival A"]
[Site "Torre del Greco ITA"]
[Date "2006.09.07"]
[Round "5"]
[White "Lamagna, Mario"]
[Black "Vanacore, Francesco"]
[Result "1/2-1/2"]
[WhiteElo "1912"]
[BlackElo "2055"]
[PlyCount "41"]
[EventDate "2006.09.03"]

1. e4 e6 2. d4 d5 3. Nc3 Nf6 4. Bg5 dxe4 5. Nxe4 Be7 6. Bxf6 Bxf6 7. Nf3 Nd7 8.
Bb5 O-O 9. Qd2 c6 10. Bd3 e5 11. Nxf6+ Qxf6 12. O-O-O exd4 13. Nxd4 Nc5 14. Qe3
Nxd3+ 15. Rxd3 Bd7 16. Rhd1 Rad8 17. f3 a6 18. Qd2 Be6 19. Nxe6 Rxd3 20. Qxd3
Qxe6 21. Kb1 1/2-1/2

[Event "V Festival A"]
[Site "Torre del Greco ITA"]
[Date "2006.09.07"]
[Round "5"]
[White "Manguso, Mauro"]
[Black "Dragojlovic, Andjelko"]
[Result "0-1"]
[WhiteElo "2054"]
[BlackElo "2368"]
[PlyCount "52"]
[EventDate "2006.09.03"]

1. d4 g6 2. Nf3 Bg7 3. c4 Nf6 4. Nc3 d5 5. cxd5 Nxd5 6. Bd2 O-O 7. e4 Nb6 8. h3
Bxd4 9. Nxd4 Qxd4 10. Rc1 Nc6 11. Be2 Be6 12. O-O Rfd8 13. Be3 Qxd1 14. Rfxd1
a6 15. Bxb6 cxb6 16. Nd5 Bxd5 17. exd5 Nb4 18. Bc4 Rac8 19. a3 Nxd5 20. Bxd5
Rxc1 21. Rxc1 Rxd5 22. Rc7 Rd1+ 23. Kh2 Rd2 24. b4 Rxf2 25. Rxe7 Ra2 26. Rxb7
b5 0-1

[Event "V Festival A"]
[Site "Torre del Greco ITA"]
[Date "2006.09.07"]
[Round "5"]
[White "Sannino, Raffaele"]
[Black "Pinto, Gaetano"]
[Result "0-1"]
[WhiteElo "2031"]
[BlackElo "1979"]
[PlyCount "108"]
[EventDate "2006.09.03"]

1. e4 e6 2. d3 Nc6 3. Nc3 e5 4. g3 Nf6 5. Bg2 Bc5 6. Nge2 d6 7. O-O a6 8. Nd5
h6 9. c3 O-O 10. Be3 Ba7 11. Bxa7 Rxa7 12. f4 Nxd5 13. exd5 Ne7 14. Qd2 f6 15.
Rae1 Ra8 16. d4 Ng6 17. f5 Nh8 18. c4 Nf7 19. b4 Bd7 20. Nc3 Qc8 21. g4 Qb8 22.
c5 Qa7 23. Kh1 Rfd8 24. Rd1 Be8 25. Qf2 Kh8 26. h4 Kg8 27. Rg1 Kf8 28. Ne4 Ke7
29. dxe5 dxe5 30. Rd2 a5 31. a3 axb4 32. axb4 Bb5 33. Bf1 Bxf1 34. Rxf1 Qa3 35.
d6+ cxd6 36. cxd6+ Nxd6 37. Nxd6 Qh3+ 38. Kg1 Qxg4+ 39. Kh1 Rxd6 40. Rxd6 Qe4+
41. Kg1 Kxd6 42. Qc5+ Kd7 43. Rd1+ Ke8 44. Qd6 Qg4+ 45. Kf1 Qf4+ 46. Ke1 Qe4+
47. Kf1 Qf3+ 48. Ke1 Qe3+ 49. Kf1 Qf3+ 50. Ke1 Qe3+ 51. Kf1 Qf3+ 52. Ke1 Qh1+
53. Kd2 Qxd1+ 54. Kxd1 Rd8 0-1

[Event "V Festival A"]
[Site "Torre del Greco ITA"]
[Date "2006.09.08"]
[Round "6"]
[White "D'Orta, Antonio"]
[Black "Sannino, Raffaele"]
[Result "1/2-1/2"]
[WhiteElo "1991"]
[BlackElo "2031"]
[PlyCount "113"]
[EventDate "2006.09.03"]

1. e4 e5 2. Nf3 Nc6 3. c3 d5 4. Bb5 f6 5. d3 dxe4 6. dxe4 Qxd1+ 7. Kxd1 Nge7 8.
Be3 Be6 9. Nbd2 O-O-O 10. Ke2 a6 11. Bc4 Bxc4+ 12. Nxc4 Ng6 13. g3 Be7 14. a4
b6 15. h4 Rhe8 16. h5 Nf8 17. b4 Nb8 18. Nh4 Ne6 19. Nf5 Bf8 20. f4 exf4 21.
gxf4 Nxf4+ 22. Kf2 Ne6 23. Rhd1 Rxd1 24. Rxd1 Rd8 25. Nd4 Nxd4 26. Rxd4 Nc6 27.
Rd5 Ne7 28. Rxd8+ Kxd8 29. b5 axb5 30. axb5 Nc8 31. Bd4 Na7 32. Nxb6 Nxb5 33.
Na4 Kd7 34. Kg3 Ke6 35. Kf4 g6 36. Kg4 Ba3 37. hxg6 hxg6 38. Kf4 Bd6+ 39. Kf3
Be5 40. Nc5+ Kd6 41. Nb7+ Ke7 42. Bxe5 fxe5 43. c4 Nd6 44. Na5 Kd7 45. c5 Nb5
46. c6+ Ke6 47. Kg4 Nd4 48. Kh4 Kf6 49. Kg4 Nb5 50. Nb3 Nd6 51. Nc5 Nb5 52.
Nd7+ Ke6 53. Kg5 Nd4 54. Kxg6 Nxc6 55. Nc5+ Kd6 56. Nb7+ Ke7 57. Kf5 1/2-1/2